Esá v rukáve

Jednoduché pravidlá, minimálna administratíva a možnosť získania úveru ihneď na mieste nákupu - to sú hlavné výhody revolvingových úverov od spoločností splátkového predaja. Revolvingové karty na slovenskom trhu. Poskytovanie revolvingového úveru a vydávanie úverových kariet.

Gespeichert in:
Bibliographische Detailangaben
1. Verfasser: Tytykalová, Halka
Format: Buchkapitel
Sprache:Slowakisch
Schlagworte:
Tags: Tag hinzufügen
Keine Tags, Fügen Sie das erste Tag hinzu!

MARC

LEADER 00000naa a2200000 4500
001 r040230
005 20230920071738.1
041 0 |a slo 
044 |a SK 
245 1 0 |a Esá v rukáve  |c Halka Tytykalová 
520 |a Jednoduché pravidlá, minimálna administratíva a možnosť získania úveru ihneď na mieste nákupu - to sú hlavné výhody revolvingových úverov od spoločností splátkového predaja. Revolvingové karty na slovenskom trhu. Poskytovanie revolvingového úveru a vydávanie úverových kariet. 
610 2 0 |a predaj 
610 2 0 |a splátky 
610 2 0 |a karty platobné 
610 2 0 |a úver 
610 2 0 |a úver spotrebiteľský 
610 2 0 |a klienti 
610 2 0 |a spotrebitelia 
610 2 0 |a Slovensko 
100 1 |a Tytykalová, Halka